Η Πόλη της Χίου : κοινωνία πολεοδομία αρχιτεκτονική
Αποθηκεύτηκε σε:
| Κύριος συγγραφέας: | |
|---|---|
| Μορφή: | Βιβλίο |
| Γλώσσα: | Greek |
| Δημοσίευση: |
Αθήνα :
Νομαρχία Χίου, Δήμος Χίου,
1994
|
| Θέματα: | |
| Ετικέτες: |
Προσθήκη ετικέτας
Δεν υπάρχουν, Καταχωρήστε ετικέτα πρώτοι!
|
MARC
| LEADER | 00000nam a2200000 i 4500 | ||
|---|---|---|---|
| 001 | 1/22188 | ||
| 008 | 950127s1994 gre d | ||
| 020 | |a 960-90029-0-0 | ||
| 035 | |l 10021853 | ||
| 040 | |a GR-MY-UA |b gre |e aacr | ||
| 041 | 0 | |a gre | |
| 082 | 0 | |a 711.40949582 | |
| 100 | 1 | |a Μονιούδη-Γαβαλά, Δώρα. | |
| 245 | 1 | 2 | |a Η Πόλη της Χίου : |b κοινωνία πολεοδομία αρχιτεκτονική / |c Δώρα Μονιούδη - Γαβαλά |
| 260 | |a Αθήνα : |b Νομαρχία Χίου, Δήμος Χίου, |c 1994 | ||
| 650 | 0 | |a City planning |z Greece |z Chios Island |x History. | |
| 650 | 0 | |a Architecture |z Greece |z Chios Island. | |
| 852 | |a INST |b CHIOS |e 19950127 |h 711.40949582 ΠΟΛ |p 005200003494 |q 005200003494 |t BK |y 0 | ||
| 909 | |a Χ |b 037659 | ||